000 00588nam a2200193 a 4500
001 000026924
005 20240412074009.0
008 110328s1984 dr 000 0 spa d
040 _aDO-SdBNP
_bspa
_cBNPHU
082 _axxx
_bM671g
100 1 _aMir, Pedro,
_d1913-2000
_97245
245 1 3 _aEl gran incendio :
_blos balbuceos americanos del capitalismo mundial /
_cPedro Mir.
250 _a3a ed.
260 _aSanto Domingo :
_bTaller,
_c1984.
300 _a161 p. ;
_c22 cm.
500 _aIncluye notas al pie de las páginas
504 _aBibliografĂ­a : p. 157-161
049 _aBNPD
999 _c26416
_d26416